| 000 | 01158cam a22003253a 4500 | ||
|---|---|---|---|
| 001 | 2311 | ||
| 003 | PGUSA | ||
| 005 | 20140828083013.0 | ||
| 008 | 000901s2000||||xxu|||||s|||||000 | eng d | ||
| 040 |
_aPGUSA _beng |
||
| 042 | _adc | ||
| 050 | 4 | _aDG | |
| 050 | 4 | _aDC | |
| 100 | 1 |
_aSmollett, T. _q(Tobias), _d1721-1771 |
|
| 245 | 1 | 0 |
_aTravels through France and Italy _h[electronic resource] / _cT. Smollett |
| 260 |
_bProject Gutenberg, _c2000 |
||
| 506 | _aPublic domain in the USA. | ||
| 516 | _aElectronic text | ||
| 653 | _aFrance -- Social life and customs -- 18th century | ||
| 653 | _aItaly -- Social life and customs -- 18th century | ||
| 653 | _aSmollett, T. (Tobias), 1721-1771 -- Travel -- France | ||
| 653 | _aSmollett, T. (Tobias), 1721-1771 -- Travel -- Italy | ||
| 653 | _aItaly -- Description and travel -- Early works to 1800 | ||
| 653 | _aFrance -- Description and travel -- Early works to 1800 | ||
| 653 | _aNice (France) -- Description and travel -- Early works to 1800 | ||
| 700 | 1 |
_aSeccombe, Thomas, _d1866-1923 |
|
| 830 | 0 |
_aProject Gutenberg _v2311 |
|
| 856 | 4 | 0 | _uhttp://www.gutenberg.org/ebooks/2311 |
| 942 | _cEB | ||
| 999 |
_c231648 _d231648 |
||